Design a marketing: Nepředstavuje jen luxus, ale i nutnost
Dizajn - dobrý marketingový nástroj pre budovanie značky. Dôležitosť spolupráce marketingových oddelení s kvalitným dizajnérom. Dizajn vnímaný z pozície estetiky a funkčnosti. Kombinácia dizajnu a marketingu. Konzervatívni spotrebitelia. Funkcia agentúry CzechTrade.
Salvato in:
| Autore principale: | |
|---|---|
| Natura: | Capitolo di libro |
| Lingua: | ceco |
| Soggetti: | |
| Tags: |
Nessun Tag, puoi essere il primo ad aggiungerne!!
|
MARC
| LEADER | 00000naa$a2200000$$$4500 | ||
|---|---|---|---|
| 001 | 0075104 | ||
| 005 | 20231018131019.7 | ||
| 041 | 0 | |a cze | |
| 044 | |a CZ | ||
| 245 | 1 | 0 | |a Design a marketing: Nepředstavuje jen luxus, ale i nutnost |c Dominik Hrodek |
| 520 | |a Dizajn - dobrý marketingový nástroj pre budovanie značky. Dôležitosť spolupráce marketingových oddelení s kvalitným dizajnérom. Dizajn vnímaný z pozície estetiky a funkčnosti. Kombinácia dizajnu a marketingu. Konzervatívni spotrebitelia. Funkcia agentúry CzechTrade. | ||
| 610 | 2 | 0 | |a dizajn priemyselný |
| 610 | 2 | 0 | |a dizajnéri |
| 610 | 2 | 0 | |a agentúry |
| 610 | 2 | 0 | |a tovar |
| 610 | 2 | 0 | |a obaly |
| 610 | 2 | 0 | |a estetika |
| 610 | 2 | 0 | |a marketing |
| 610 | 2 | 0 | |a Česko |
| 100 | 1 | |a Hrodek, Dominik | |